01082nam a2200337 i 450000100060000000300090000600500170001500800410003202000150007304000360008804100080012404600090013208000110014108000120015210000320016424500850019625000170028126000590029830000270035733600270038433700540041133800280046538000160049338800100050965000390051965000150055865000260057365500130059965800340061285600980064649640KOSZ 00520221006132904.0100825s2006 pl |001 0 pol  a8388451944 cKOSZ 005aKOSZ 005dKOSZ 005/HR0 apol k2006 a336.76 a(083.1)1 aZiębiec, JarosławeAutor10aZasady obrotu giełdowego :bprzewodnik dla inwestorów /cJarosław Ziębiec. aWyd. 3 popr. aWarszawa :bGiełda Papierów Wartościowych,c2006. a39 s. :bil. ;c24 cm. 2rdacontentaTekstbtxt 2rdamediaaBez urządzenia pośredniczącegobn 2rdacarrieraWoluminbnc aKsiążki a2001- 7aGiełda papierów wartościowych 7aInwestycje 9aPapiery wartościowe aPoradnik aGospodarka, ekonomia, finanse uhttp://koha.tu.koszalin.pl/cgi-bin/koha/opac-detail.pl?biblionumber=49640yKatalog online BPK